000 00567nam a2200169 4500
999 _c8375
_d8375
008 180131b xxu||||| |||| 00| 0 eng d
020 _a0-205-11855-0
082 _21989
_aDC 372.4
_bR22
245 _aReading and writing connections/
_cedited by Jana M. Mason.
260 _aBoston:
_bAllyn and Bacon,
_c© 1989.
300 _axiii, 310 pages:
_billustration;
_c22 cm.
521 _aIncludes bibliographies and indexes.
650 0 _925923
_aReport writing
_vStudy and teaching
650 0 _925924
_aReading
700 _925922
_aMason, Jana M.
_eeditor
942 _2ddc
_cDC